|
|
|
|
| LEADER |
00791nam a22001817a 4500 |
| 082 |
|
|
|a 894.M09
|b DAN/V N1
|
| 100 |
|
|
|a കെ എം ഡാനിയല്;
|9 294566
|
| 100 |
|
|
|a K M Daniel
|9 294567
|
| 240 |
|
|
|a Vimarsanam Siddhaantavum Prayogavum
|
| 245 |
|
|
|a വിമര്ശനം സിദ്ധാന്തവും പ്രയോഗവും
|
| 250 |
|
|
|a 1st
|
| 260 |
|
|
|b Annama Daniel
|c 1991
|
| 300 |
|
|
|a 148p.
|
| 650 |
|
|
|a മലയാളം; സാഹിത്യ നിരൂപണം ,വിമര്ശനം
|9 257191
|
| 650 |
|
|
|a Malayalam; Literary Criticism
|9 294568
|
| 942 |
|
|
|c BK
|
| 999 |
|
|
|c 44921
|d 44921
|
| 952 |
|
|
|0 0
|1 0
|4 0
|6 894_000000000000000_M09_DAN_V_N1
|7 0
|8 LITC
|9 52081
|a MAL
|b MAL
|d 2015-11-16
|e 38705
|g 27.00
|l 0
|o 894.M09 DAN/V N1
|p MAL038705
|r 2015-11-16
|t 1
|w 2015-11-16
|y BK
|